[Event "Moia op 8th"]
[Site "Moia"]
[Date "2019.10.25"]
[Round "4.5"]
[White "Sola Lluch, Miquel"]
[Black "Vicente Soriano, Josep"]
[Result "1/2-1/2"]
[WhiteElo "1760"]
[BlackElo "1723"]
[PlyCount "58"]
[EventDate "2019.09.20"]
[EventType "swiss"]
[EventRounds "8"]
[EventCountry "ESP"]
[SourceTitle "EXT 2024"]
[Source "ChessBase"]
[SourceDate "2023.10.10"]
[SourceVersion "1"]
[SourceVersionDate "2023.10.10"]
[SourceQuality "1"]

1. d4 c5 2. d5 e5 3. c4 d6 4. Nc3 Nf6 5. e4 Be7 6. Nf3 0-0 7. Be2 a6 8. 0-0 Ne8 9. Ne1 Bd7 10. f4 exf4 11. Bxf4 Bg5 12. Qd2 Bxf4 13. Qxf4 Qf6 14. Qe3 Qd4 15. Nc2 Qxe3+ 16. Nxe3 Nf6 17. h3 b5 18. cxb5 axb5 19. Bxb5 Bxb5 20. Nxb5 Nxe4 21. Nf5 Ra6 22. Rfe1 Nf6 23. Nfxd6 Nxd5 24. Re5 Nb4 25. Rxc5 Rxa2 26. Rxa2 Nxa2 27. Rc7 Nb4 28. Nd4 g6 29. Nf3 N8c6 1/2-1/2

[Event "Moia op 5th"]
[Site "Moia"]
[Date "2016.10.28"]
[Round "5"]
[White "Sola Lluch, Miquel"]
[Black "Rovira Morancho, Miquel"]
[Result "1-0"]
[WhiteElo "1857"]
[BlackElo "1568"]
[PlyCount "37"]
[EventDate "2016.09.23"]
[EventType "swiss"]
[EventRounds "8"]
[EventCountry "ESP"]
[SourceTitle "EXT 2018"]
[Source "ChessBase"]
[SourceDate "2017.10.13"]
[SourceVersion "1"]
[SourceVersionDate "2017.10.13"]
[SourceQuality "1"]

1. d4 d6 2. c4 g6 3. Nc3 Bg7 4. e4 f5 5. Nf3 Nf6 6. Bd3 fxe4 7. Nxe4 c6 8. 0-0 Nxe4 9. Bxe4 0-0 10. Bg5 Qa5 11. Re1 Rxf3 12. Bd2 Qb6 13. Bxf3 Bxd4 14. Rxe7 Bf5 15. Bh6 Nd7 16. Bg4 Qxb2 17. Bxf5 Qxf2+ 18. Kh1 Qxf5 19. Qxd4 1-0

[Event "Moia op 5th"]
[Site "Moia"]
[Date "2016.09.30"]
[Round "2"]
[White "Sola Lluch, Miquel"]
[Black "Graupera Fabregas, Jordi"]
[Result "1/2-1/2"]
[WhiteElo "1857"]
[BlackElo "2004"]
[PlyCount "112"]
[EventDate "2016.09.23"]
[EventType "swiss"]
[EventRounds "8"]
[EventCountry "ESP"]
[SourceTitle "EXT 2018"]
[Source "ChessBase"]
[SourceDate "2017.10.13"]
[SourceVersion "1"]
[SourceVersionDate "2017.10.13"]
[SourceQuality "1"]

1. d4 e6 2. c4 d5 3. e3 f5 4. Bd3 Nf6 5. Nc3 c6 6. Nge2 Bd6 7. Ng3 0-0 8. Bd2 Ne4 9. Qe2 Nd7 10. 0-0-0 Ndf6 11. Bxe4 Nxe4 12. f3 Nxd2 13. Rxd2 Qa5 14. Kb1 b5 15. cxb5 Rb8 16. e4 cxb5 17. exf5 b4 18. Nd1 exf5 19. b3 f4 20. Nh5 g6 21. g4 gxh5 22. gxh5 Bf5+ 23. Ka1 Qc7 24. Nb2 Rbc8 25. Rdd1 Qe7 26. Qb5 Qf7 27. Qa6 Rfd8 28. Rhg1+ Kh8 29. h6 Bf8 30. Na4 Rd6 31. Rg7 Rxa6 32. Rxf7 Bg6 33. Rd7 Be8 34. Rxd5 Bxa4 35. bxa4 Bxh6 36. Re1 Bf8 37. Re4 Rxa4 38. Kb2 Ra6 39. Rd7 Rac6 40. Rxa7 Rc2+ 41. Kb1 b3 42. Rxf4 Rc1+ 43. Kb2 bxa2 44. Rxf8+ Rxf8 45. Kxc1 Rxf3 46. Rxa2 Kg7 47. Rg2+ Kf6 48. Kd2 Ra3 49. Re2 Kf5 50. Re5+ Kf4 51. Rh5 Ke4 52. d5 Rd3+ 53. Ke2 Rxd5 54. Rxh7 Kf4 55. h4 Kg4 56. h5 Rxh5 1/2-1/2

[Event "Moia op 4th"]
[Site "Moia"]
[Date "2015.09.18"]
[Round "1"]
[White "Lazaro Valls, Xavier"]
[Black "Sola Lluch, Miquel"]
[Result "1/2-1/2"]
[WhiteElo "1831"]
[BlackElo "2027"]
[PlyCount "34"]
[EventDate "2015.09.18"]
[EventType "swiss"]
[EventRounds "8"]
[EventCountry "ESP"]
[SourceTitle "EXT 2017"]
[Source "ChessBase"]
[SourceDate "2016.10.25"]
[SourceVersion "1"]
[SourceVersionDate "2016.10.25"]
[SourceQuality "1"]

1. e4 e5 2. Nf3 Nc6 3. d4 exd4 4. Nxd4 d6 5. Bc4 Nf6 6. Nc3 Be7 7. Be3 Ne5 8. Bb3 0-0 9. f3 a6 10. a3 c5 11. Nde2 c4 12. Ba2 b5 13. Nf4 Bb7 14. Qe2 Nfd7 15. Rd1 Nf6 16. Bd4 Qc7 17. g4 Ng6 1/2-1/2

[Event "Vall del Tenes op 4th"]
[Site "Santa Eulalia de Roncana"]
[Date "2015.06.05"]
[Round "8"]
[White "Cordomi Fons, Francesco"]
[Black "Sola Lluch, Miquel"]
[Result "1-0"]
[WhiteElo "2067"]
[BlackElo "2022"]
[PlyCount "121"]
[EventDate "2015.04.10"]
[EventType "swiss"]
[EventRounds "8"]
[EventCountry "ESP"]
[SourceTitle "EXT 2016"]
[Source "ChessBase"]
[SourceDate "2015.10.08"]
[SourceVersion "1"]
[SourceVersionDate "2015.10.08"]
[SourceQuality "1"]

1. e4 e5 2. Nf3 Nc6 3. Bc4 Nf6 4. Nc3 Be7 5. d3 0-0 6. 0-0 d6 7. Nd5 Nxd5 8. Bxd5 Bg4 9. c3 Kh8 10. b4 a6 11. h3 Bh5 12. Be3 Rb8 13. Rb1 Bg6 14. Qa4 f5 15. exf5 Bxf5 16. Be4 Bxe4 17. dxe4 Qe8 18. Qd1 Qg6 19. Nd2 Nd8 20. Qg4 Qxg4 21. hxg4 Ne6 22. g3 Rf7 23. f4 exf4 24. gxf4 Rbf8 25. f5 Bg5 26. Rbe1 Bxe3+ 27. Rxe3 Ng5 28. e5 dxe5 29. Rxe5 Kg8 30. Kg2 Rd7 31. Nb3 Rd3 32. c4 Rc3 33. Rc1 Rxc1 34. Nxc1 Kf7 35. Rd5 Ke7 36. Nd3 Nf7 37. Nf4 Ng5 38. a4 c6 39. Rd3 Rd8 40. Rxd8 Kxd8 41. Nh5 g6 42. fxg6 hxg6 43. Nf4 Ne4 44. Nxg6 Nc3 45. Kf3 b5 46. axb5 axb5 47. cxb5 cxb5 48. Nf4 Ke7 49. g5 Na2 50. Nd5+ Kf7 51. Kg4 Kg6 52. Kf4 Nc1 53. Kg4 Nd3 54. Nf4+ Nxf4 55. Kxf4 Kg7 56. Kf5 Kf7 57. Ke5 Kg6 58. Kd5 Kxg5 59. Kc5 Kf6 60. Kxb5 Ke7 61. Ka6 1-0

[Event "Vall del Tenes op 3rd"]
[Site "Santa Eulalia de Roncana"]
[Date "2014.06.13"]
[Round "8"]
[White "Camus, Adrian Hugo"]
[Black "Sola Lluch, Miquel"]
[Result "1-0"]
[WhiteElo "2155"]
[BlackElo "2054"]
[PlyCount "65"]
[EventDate "2014.04.25"]
[EventType "swiss"]
[EventRounds "8"]
[EventCountry "ESP"]
[SourceTitle "EXT 2015"]
[Source "ChessBase"]
[SourceDate "2014.11.20"]
[SourceVersion "1"]
[SourceVersionDate "2014.11.20"]
[SourceQuality "1"]

1. d4 Nf6 2. Bg5 d5 3. e3 c6 4. Bd3 Qb6 5. Nc3 Nbd7 6. Nf3 Qxb2 7. Ne2 Qb4+ 8. c3 Qa5 9. Qc2 e6 10. 0-0 h6 11. Bh4 Be7 12. Rab1 a6 13. Nd2 e5 14. e4 0-0 15. f4 dxe4 16. Nxe4 exd4 17. Nxd4 Nd5 18. Bxe7 Nxe7 19. f5 Nd5 20. f6 N7xf6 21. Nxf6+ Nxf6 22. Rxf6 gxf6 23. Rf1 Qg5 24. Rf3 Kh8 25. Rg3 Qe5 26. Qd2 Qh5 27. Qf4 Bf5 28. Nxf5 Rg8 29. Rh3 Rg4 30. Qf3 Qg5 31. Nxh6 Qc1+ 32. Bf1 Rf4 33. Nf5+ 1-0

[Event "Moia op 2nd"]
[Site "Moia"]
[Date "2013.11.15"]
[Round "8"]
[White "Sola Lluch, Miquel"]
[Black "Carvajal Rodriguez, Juan"]
[Result "1-0"]
[WhiteElo "1934"]
[BlackElo "1427"]
[PlyCount "39"]
[EventDate "2013.09.20"]
[EventType "swiss"]
[EventRounds "8"]
[EventCountry "ESP"]
[SourceTitle "EXT 2015"]
[Source "ChessBase"]
[SourceDate "2014.11.20"]
[SourceVersion "1"]
[SourceVersionDate "2014.11.20"]
[SourceQuality "1"]

1. d4 d5 2. Nf3 Nf6 3. c4 Bg4 4. Ne5 Bh5 5. cxd5 Nxd5 6. Nc3 e6 7. Qb3 Nb6 8. e3 N8d7 9. Nd3 Bd6 10. Bd2 0-0 11. a4 c5 12. dxc5 Nxc5 13. Nxc5 Bxc5 14. Qb5 Qc7 15. Ne4 Be7 16. Qxh5 Qc2 17. Qe5 Rfd8 18. Bc3 Bf6 19. Nxf6+ Kf8 20. Bb4+ 1-0